Banach and locally convex algebras
Αποθηκεύτηκε σε:
| Κύριος συγγραφέας: | |
|---|---|
| Μορφή: | Βιβλίο |
| Γλώσσα: | English |
| Δημοσίευση: |
Oxford :
Clarendon Press,
1993
|
| Σειρά: | Oxford science publications
|
| Θέματα: | |
| Ετικέτες: |
Προσθήκη ετικέτας
Δεν υπάρχουν, Καταχωρήστε ετικέτα πρώτοι!
|
MARC
| LEADER | 00000nam a2200000 i 4500 | ||
|---|---|---|---|
| 001 | 1/73651 | ||
| 008 | 990318s1993 eng d | ||
| 020 | |a 0198535783 | ||
| 035 | |l 10048859 | ||
| 040 | |a GR-MY-UA |b eng |e aacr | ||
| 041 | 0 | |a eng | |
| 082 | 0 | |a 512.55 | |
| 100 | 1 | |a Khelemskii, A. IA. (Aleksandr IAkovlevich) | |
| 245 | 1 | 0 | |a Banach and locally convex algebras / |c A.Ya. Helemskii ; translated by A. West |
| 260 | |a Oxford : |b Clarendon Press, |c 1993 | ||
| 300 | |a xv, 446 p.; |c 24 cm. | ||
| 490 | 1 | |a Oxford science publications | |
| 500 | |a Includes bibliographical references and index | ||
| 650 | 0 | 0 | |a Banach algebras. |
| 830 | 0 | |a Oxford science publications | |
| 852 | |a INST |b SAMOS |e 19990318 |h 512.55 HEL |p 005300013176 |q 005300013176 |t BK |y 0 | ||
| 901 | |a BIBL-1999-1 | ||
| 909 | |a Σ |b 063141 | ||
| 922 | |a 3ΕΛΗ |b 199902 |c ΕΠΕΑΕΚ/ΜΑΘ |d LEADER | ||